000
00292nam a2200109Ia 4500
008
201217s9999 xx 000 0 und d
100
_a
Willis, Neil and Kerridge, Jon
245
0
_a
Introduction To Computer Architecture
260
_a
Calcutta
_b
A. H. Wheeler & Co.
300
_a
195
942
_c
BK
999
_c
7136
_d
7136